000 00325nam a2200145Ia 4500
003 OSt
008 191201s1998 xx 000 0 und d
082 _a330.954
_bDAI
100 _aDATT, Ruddar
245 0 _aIndian Economy
260 _aNew Delhi
_bS Chand and Co. Ltd.
_c1998
300 _a892
650 _aBBA
942 _2ddc
_cBK
999 _c66
_d66